| 000 | 00575cam a2200217 4500 | ||
|---|---|---|---|
| 008 | 090401t1989 xxu||||| |||| 00| 0 eng d | ||
| 020 | _a0408500131 | ||
| 035 | _a(Sirsi) u6357 | ||
| 041 | _aeng | ||
| 050 | _a692.2 | ||
| 100 | _aElder, A.J. | ||
| 245 | _aGuide to the Building Regulations 1985 for England and Wales | ||
| 250 | _a2nd ed. | ||
| 260 |
_aLondon _bButterworth Architecture _c1989 |
||
| 300 | _a300p. : ill. ; 30cm. | ||
| 350 | _a25 | ||
| 490 | _aLibrary of Building Control | ||
| 650 |
_aBUILDING CONTROL _96222 |
||
| 942 | _n0 | ||
| 948 | _c04/03/1997 | ||
| 999 |
_c86283 _d86283 |
||